00930cam a22002774a 45000010009000000050017000090080041000260100017000670150019000840160018001030200025001210200022001460350024001680400071001920410008002630420027002710500022002980820016003202450093003362600059004293000026004885040051005146500045005656500024006107000018006341536142420250227105013.0080710s2008 enk b 001 0 eng  a 2008932899 aGBA8008512bnb7 a0144765652Uk a9781845420475 (hbk.) a1845420470 (hbk.) a(OCoLC)ocn271769593 aUKMcUKMdCWLdBWXdYDXCPdBAKERdBTCTAdBWKdNLGGCdNDLdVRLdDLC0 aeng aukblcatcopyalccopycat00aK1401b.R468 200804a346.04822200aResearch handbook on intellectual property and competition law /cedited by Josef Drexl. aCheltenham, UK :aNorthampton, MA :bE. Elgar,cc2008. axix, 490 p. ;c25 cm. aIncludes bibliographical references and index. 0aIntellectual propertyxEconomic aspects. 0aRestraint of trade.1 aDrexl, Josef.